Statistics for Least Corrupt Countries 1995-1999

Click here to take the quiz!

General Stats

  • This quiz has been taken 8 times
  • The average score is 16 of 20

Answer Stats

Corrupt Country% Correct
Germany
100%
USA
100%
Australia
83%
Austria
83%
Canada
83%
Denmark
83%
Finland
83%
Netherlands
83%
New Zealand
83%
Norway
83%
Singapore
83%
Sweden
83%
Switzerland
83%
UK
83%
Chile
67%
Iceland
67%
Ireland
67%
Israel
67%
Luxembourg
67%
Hong Kong
33%

Score Distribution

Percentile by Number Answered

Percent of People with Each Score

Your Score History

You have not taken this quiz